Estatísticas para Regiões Administrativas do DF

Clique aqui para jogar o quiz

Estatísticas Gerais

  • Esse quiz foi jogado 15 vezes
  • A pontuação média é 18 de 32

Estatísticas das Respostas

Respostas% Correto
Gama
92%
Taguatinga
92%
Ceilândia
85%
Sobradinho
77%
Águas Claras
69%
Lago Norte
69%
Lago Sul
69%
Park Way
69%
Planaltina
69%
São Sebastião
69%
Riacho Fundo
62%
Samambaia
62%
Santa Maria
62%
Vicente Pires
62%
Brazlândia
54%
Candangolândia
54%
Plano Piloto
54%
Recanto das Emas
54%
Sobradinho II
54%
Varjão
54%
Jardim Botânico
46%
Núcleo Bandeirante
46%
Paranoá
46%
Riacho Fundo II
46%
Sol Nascente
46%
Sudoeste
46%
Itapoã
38%
Arniqueira
31%
Cruzeiro
31%
SCIA
31%
SIA
31%
Fercal
23%

Distribuição das Pontuações

Percentil de Números Respondidos

Porcentagem de Pessoas com Cada Pontuação

Sua Pontuação Histórica

Você não jogou esse quiz